Statistics for The Office (US) TV Show - Who said these 30 quotes?

Click here to take the quiz!

General Stats

  • This quiz has been taken 18 times
  • The average score is 13 of 30

Answer Stats

QuoteAnswer% Correct
"Kids, sometimes it pays to be gay"Oscar
85%
"I am here to talk about Suck It"David
77%
"I've had two men fight over me before. Usually it's over which one gets to hold the camcorder"Meredith
77%
"For the past few months, I've been sending Dwight letters from the CIA"Pam
77%
"Andy has been calling me Plop for so long, he forgot my real name"Pete
69%
"Mom, I need you to make a ton of pesto for a pesto party for all my friends"Ryan
69%
"Got cat turd collector written all over him"Dwight
62%
"I like to use Sticky Quips as regular Post-It notes when I am in a fun mood"Gabe
62%
"Pass curvy metal piece you will"Holly
62%
"it's a pretty easy gig when your boss isn't an idiot and your boyfriend's not in love with somebody else"Karen
62%
"get out of my nook!"Kelly
62%
"Yeah, Oscar's in big trouble"Kevin
62%
"Planking is one of those things where, eh, you either get it or you don't. And I don't"Erin
54%
"I'm a Director. Which, on a film set, is the highest title there is"Andy
46%
"Sometimes a guy's gotta ride the bull. Am I right? Later, skater"Creed
46%
"You're a nice guy, Jim, but you have no idea how to vacation"Stanley
38%
"last night he was tired and just wanted a little Mexican brought in"Angela
31%
"Stop calling me so I can put on my damn socks"Hank
31%
"And then an older gentleman asks you, boxers or briefs?"Jim
31%
"Or that the sport doesn't exist? I should've known. Poopball?"Michael
31%
"it was a big year for babies. Porky's had come out"Phyllis
31%
"More like, "Hey, everyone, let's get your boss laid" Saturday"Toby
31%
"I'm the princess, and the queen"Jan
23%
"I'm a huge alligator nerd"Todd
23%
"No, I prefer Fart"Clark
15%
"Just like a man. Wants to jump right into it while I still got my socks on"Jo
15%
"Him, you say? Don't think a woman can be a leader?"Nellie
15%
"The fallacy is that it is up to the steamroller. It is up to the object whether it will be flattened or not"Robert
15%
"Oh, it works. Him and me, all right, we are crazy in love"Darryl
8%
"Everyone I know who skis is dead"Deangelo
8%

Score Distribution

Percentile by Number Answered

Percent of People with Each Score

Your Score History

You have not taken this quiz